[Event "FSIMA November"]
[Site "Budapest HUN"]
[Date "2008.11.02"]
[Round "2"]
[White "Humphrey,J"]
[Black "Denisov,I"]
[Result "1/2-1/2"]
[WhiteElo "2330"]
[BlackElo "2189"]

1.e4 c5 2.Nf3 d6 3.d4 cxd4 4.Nxd4 Nf6 5.Nc3 a6 6.Be3 e5 7.Nb3 Be6 8.f4 Qc7
9.f5 Bc4 10.Bxc4 Qxc4 11.Nd2 Qc6 12.Qf3 h5 13.O-O-O Nbd7 14.Kb1 Be7 15.Rc1 b5
16.Nd5 Nxd5 17.exd5 Qb7 18.c4 Rb8 19.Rhd1 Nf6 20.Ka1 O-O 21.Nb3  1/2-1/2

[Event "TCh-HUN 2008-9"]
[Site "Paks HUN"]
[Date "2008.11.02"]
[Round "2"]
[White "Hajnal,Z"]
[Black "Papp,Ga"]
[Result "0-1"]
[WhiteElo "2400"]
[BlackElo "2509"]

1.e4 c5 2.Nf3 d6 3.d4 cxd4 4.Nxd4 Nf6 5.Nc3 a6 6.Be3 e5 7.Nb3 Be6 8.f3 h5
9.Qd2 Nbd7 10.Nd5 Bxd5 11.exd5 Qc7 12.Na5 b6 13.Nc6 g6 14.c4 Bg7 15.Be2 Nb8
16.Nxb8 Rxb8 17.Rc1 a5 18.O-O O-O 19.b3 Nd7 20.a3 f5 21.b4 axb4 22.axb4 Kh7
23.Rfd1 Rfd8 24.Kh1 Ra8 25.Rc2 Qa7 26.Rb1 Rdc8 27.g3 Qa4 28.Rbb2 e4 29.Rb1 exf3
30.Bxf3 Qa3 31.Kg2 Re8 32.Bf4 Ne5 33.Be2 Ng4 34.Qd3 Qxd3 35.Bxd3 Bh6 36.h3 Ne3+
37.Bxe3 Rxe3 38.Rb3 h4 39.gxh4 Bf4 40.h5 Ra1 41.hxg6+ Kxg6 42.Re2 Rg3+ 43.Kf2 Rag1
44.c5 dxc5 45.bxc5 bxc5 46.d6 R1g2+ 47.Kf1 Rg1+ 48.Kf2 Bxd6 49.Re6+ Kg5 50.Rxd6 Kf4
51.Rb4+ cxb4 52.Rd4+ Ke5 53.Rxb4 R1g2+ 54.Kf1 Ra2 55.Rb5+ Kd4 56.Bxf5 Rc3  0-1

[Event "FSGM November"]
[Site "Budapest HUN"]
[Date "2008.11.07"]
[Round "7"]
[White "Recuero Guerra,D"]
[Black "Gunnarsson,J"]
[Result "0-1"]
[WhiteElo "2425"]
[BlackElo "2430"]

1.e4 c5 2.Nf3 d6 3.d4 cxd4 4.Nxd4 Nf6 5.Nc3 a6 6.Be3 e5 7.Nf3 Be7 8.Bc4 O-O
9.O-O Be6 10.Qe2 Bxc4 11.Qxc4 b5 12.Qb3 Nc6 13.Nd5 Nxd5 14.Qxd5 Rc8 15.c3 Na5
16.a4 Nc4 17.axb5 Nxe3 18.fxe3 Rc5 19.Qd3 axb5 20.b4 Rc6 21.Ra5 Qc7 22.Rc1 Rb8
23.Rxb5 Rxb5 24.Qxb5 Rxc3 25.Rxc3 Qxc3 26.Qb7 Qxe3+ 27.Kf1 Bf8 28.b5 g5 29.Qc6 g4
30.Ne1 d5 31.Qxd5 Bc5 32.Nd3 Bd4 33.Qc4 Qg1+ 34.Ke2 Qxg2+ 35.Kd1 Qxe4 36.Kc2 h5
37.Kb3 h4 38.Nb4 g3 39.hxg3 hxg3 40.Nd5 Qf3+ 41.Ka4 g2 42.Ne7+ Kf8 43.Qc8+ Kxe7
44.Qc7+ Kf6  0-1

[Event "38th Olympiad"]
[Site "Dresden GER"]
[Date "2008.11.19"]
[Round "6"]
[White "Ragger,M"]
[Black "Adly,A"]
[Result "1-0"]
[WhiteElo "2518"]
[BlackElo "2586"]

1.e4 c5 2.Nf3 d6 3.d4 cxd4 4.Nxd4 Nf6 5.Nc3 a6 6.Be3 Ng4 7.Bg5 h6 8.Bh4 g5
9.Bg3 Bg7 10.h3 Ne5 11.Nf5 Bxf5 12.exf5 Nbc6 13.Nd5 e6 14.fxe6 fxe6 15.Ne3 Qa5+
16.c3 Nf3+ 17.Qxf3 Bxc3+ 18.Kd1 Qa4+ 19.Nc2 Bxb2 20.Rc1 Qxa2 21.Qe4 Na5 22.Nb4 Qb3+
23.Rc2 Rc8 24.Bd3 Kd7 25.Re1 Bc3 26.Re3 Rhe8 27.Nd5 exd5 28.Qg6 Nc4 29.Bf5+ Kc6
30.Rxc3 Qb4 31.Qf7 Kb6 32.Bxc8 Rxc8 33.Qxd5 Rc5 34.Qd4 Kb5 35.Bxd6  1-0

[Event "TCh-NED 2008-9"]
[Site "Netherlands NED"]
[Date "2008.11.22"]
[Round "3"]
[White "Feygin,M"]
[Black "Hoffmann,Micha1"]
[Result "1/2-1/2"]
[WhiteElo "2569"]
[BlackElo "2469"]

1.e4 c5 2.Nf3 d6 3.d4 cxd4 4.Nxd4 Nf6 5.Nc3 a6 6.Be3 e6 7.g4 h6 8.f4 e5 9.Nf5 h5
10.gxh5 exf4 11.Bxf4 Nxh5 12.Be3 g6 13.Nd4 Bh6 14.Qd2 Bxe3 15.Qxe3 Qh4+ 16.Qf2 Qxf2+
17.Kxf2 Nf6 18.Be2 Nbd7 19.Rad1 Ne5 20.Nf3 Ke7 21.Nxe5 dxe5 22.Nd5+ Nxd5
23.Rxd5 Kf6 24.Kg3  1/2-1/2

[Event "Young Stars of the World"]
[Site "Kirishi RUS"]
[Date "2008.11.24"]
[Round "8"]
[White "Kovalev,Vl"]
[Black "Fedoseev,Vl3"]
[Result "0-1"]
[WhiteElo "2318"]
[BlackElo "2312"]

1.e4 c5 2.Nf3 d6 3.d4 Nf6 4.Nc3 cxd4 5.Nxd4 a6 6.Be3 e5 7.Nde2 Qa5 8.Qd2 Be6
9.f4 Nc6 10.f5 d5 11.fxe6 fxe6 12.exd5 exd5 13.Bg5 d4 14.Bxf6 dxc3 15.Nxc3 gxf6
16.Be2 Rd8 17.Bh5+ Ke7 18.Qe3 Qb4 19.O-O Qd4 20.Qxd4 Nxd4 21.Ne4 f5 22.Ng3 f4
23.Ne4 Nxc2 24.Rac1 Ne3 25.Rc7+ Rd7 26.Rfc1 Bh6 27.Rxd7+ Kxd7 28.Nc5+ Ke7
29.Nxb7 e4 30.Rc7+ Ke6 31.Rc6+ Ke5 32.Rxh6 Rc8 33.Be2 Rc2 34.Rh5+ Kd4 35.Nd8 Rxe2
36.Ne6+ Kc4 37.Nxf4 Rxb2 38.a4 Ng4 39.g3 Kd4 40.Rxh7 Ne5 41.Kf1 Ke3 42.Ng2+ Kd2
43.Nf4 Nd3 44.Rd7 Rb6 45.Rd8 Rf6 46.Kg2 Kc2 47.Rc8+ Kb3 48.Rb8+ Kc2 49.Rc8+ Kd2
50.Rd8 Rb6 51.h4 Rb2 52.Kh3 Ke3 53.Ng2+ Kf2 54.Rf8+ Kg1 55.h5 Rxg2 56.Kh4 e3
57.h6 e2 58.Re8 e1=Q 59.Rxe1+ Nxe1 60.g4 Nf3+ 61.Kh5 Rh2+ 62.Kg6 Ne5+ 63.Kg7 Nxg4
64.h7 Kf2  0-1

[Event "Young Stars of the World"]
[Site "Kirishi RUS"]
[Date "2008.11.26"]
[Round "10"]
[White "Firat,B"]
[Black "Swiercz,D"]
[Result "0-1"]
[WhiteElo "2237"]
[BlackElo "2478"]

1.e4 c5 2.Nf3 d6 3.d4 cxd4 4.Nxd4 Nf6 5.Nc3 a6 6.Be3 e5 7.Nb3 Be7 8.Qd2 Be6
9.O-O-O Ng4 10.g3 O-O 11.f4 Nxe3 12.Qxe3 Nd7 13.h4 Qc7 14.f5 Bxb3 15.axb3 Rfc8
16.g4 b5 17.Bd3 Nb6 18.g5 f6 19.Rdg1 b4 20.Nd5 Nxd5 21.exd5 a5 22.Bc4 a4
23.gxf6 Bxf6 24.h5 axb3 25.Bxb3 Ra1+ 26.Kd2 Rxg1 27.Rxg1 Kh8 28.h6 gxh6 29.Qxh6 Qe7
30.Ba4 Rf8 31.Bd7 Bg7 32.Qe6 Qh4 33.Kc1 b3 34.cxb3 Qh2 35.Re1 e4 36.Qxe4 Qxb2+
37.Kd1 Bc3 38.Re2 Qxb3+ 39.Rc2 Rg8 40.Ke2 Qb1  0-1

[Event "Young Stars of the World"]
[Site "Kirishi RUS"]
[Date "2008.11.27"]
[Round "11"]
[White "Zherebukh,Y"]
[Black "Bukavshin,I"]
[Result "1-0"]
[WhiteElo "2473"]
[BlackElo "2376"]

1.e4 c5 2.Nf3 d6 3.d4 cxd4 4.Nxd4 Nf6 5.Nc3 a6 6.Be3 e6 7.a4 Nc6 8.Be2 Be7
9.O-O O-O 10.f4 Qc7 11.Kh1 Re8 12.Bd3 Nb4 13.a5 Bd7 14.Nb3 Bc6 15.Bb6 Qb8
16.Qe1 Nxd3 17.cxd3 Nd7 18.Bd4 e5 19.Be3 exf4 20.Bxf4 Ne5 21.Qg3 Ng6 22.Nd4 Qd8
23.Nf5 d5 24.Bc7 Qd7 25.Bd6 Bxd6 26.Nxd6 Re6 27.Nxf7 h6 28.Rf5 dxe4 29.dxe4 Ne7
30.Rf3 Rg6 31.Qf2 Qe6 32.Rd1 Re8 33.h3 Bxe4 34.Nxe4 Qxe4 35.Nd6 Qa4 36.Rd4 Qa1+
37.Kh2 Rb8 38.Re4 Nc6 39.Rf8+ Kh7 40.Rxb8 Nxb8 41.Nxb7 Qd1 42.b4 Qd5 43.Nc5 Nc6
44.Rf4 Qd6 45.Kg1 Qd1+ 46.Qf1 Qd2 47.Nxa6 Nd4 48.Re4 Nf5 49.Nc5 Rf6 50.Qd3 Qc1+
51.Kh2 Rd6 52.Qf3 Rf6 53.Rf4 Ng3 54.Rxf6  1-0

[Event "21st Belgrade Trophy"]
[Site "Obrenovac SRB"]
[Date "2008.11.29"]
[Round "3"]
[White "Jovic,B"]
[Black "Marinkov,S"]
[Result "1-0"]
[WhiteElo "1824"]
[BlackElo "2026"]

1.e4 c5 2.Nf3 d6 3.d4 cxd4 4.Nxd4 Nf6 5.Nc3 a6 6.Be3 e6 7.Be2 b5 8.a3 Bb7
9.f3 Nbd7 10.Qd2 d5 11.exd5 Nxd5 12.Nxd5 Bxd5 13.O-O Rc8 14.a4 Bc4 15.axb5 Bxe2
16.Qxe2 axb5 17.Nxb5 Be7 18.Rfd1  1-0

[Event "TCh-HUN 2008-9"]
[Site "Budapest HUN"]
[Date "2008.11.30"]
[Round "3"]
[White "Erdelyi,Z"]
[Black "Bobras,P"]
[Result "0-1"]
[WhiteElo "2363"]
[BlackElo "2565"]

1.e4 c5 2.Nf3 d6 3.d4 cxd4 4.Nxd4 Nf6 5.Nc3 a6 6.Be3 e5 7.Nb3 Be7 8.f3 Be6
9.Qd2 O-O 10.O-O-O Nbd7 11.g4 b5 12.Rg1 b4 13.Nd5 Bxd5 14.exd5 a5 15.g5 Nh5
16.Kb1 Rb8 17.Qg2 Qc7 18.Qg4 a4 19.Na5 Qxa5 20.Qxd7 Rfe8 21.Rg4 Bf8 22.Rh4 Nf4
23.Bxf4 exf4 24.Qf5 g6 25.Qxf4 Bg7 26.Qxd6 b3 27.c3 bxa2+ 28.Kxa2 Rxb2+  0-1

[Event "Open"]
[Site "Figueira da Foz POR"]
[Date "2008.11.30"]
[Round "1"]
[White "Sousa,Joa"]
[Black "Ribeiro,Fe"]
[Result "0-1"]
[WhiteElo "1814"]
[BlackElo "2266"]

1.e4 c5 2.Nf3 Nf6 3.Nc3 d6 4.d4 cxd4 5.Nxd4 a6 6.Be3 e5 7.Nb3 Be6 8.Qd2 Nbd7
9.O-O-O Rc8 10.f3 h5 11.Kb1 Qc7 12.Qf2 b5 13.a3 Be7 14.g3 O-O 15.Be2 Rfd8
16.Rd2 Rb8 17.f4 b4 18.axb4 Rxb4 19.Rc1 Rdb8 20.f5 Bc4 21.h3 a5 22.Na2 Nxe4
23.Qe1 R4b7 24.Bf3 Ndf6 25.Rg2 a4 26.g4 axb3 27.cxb3 Bd3+ 28.Ka1 Qd7 29.Qd1 Qb5
30.gxh5 Ra8 31.Be2 Rxa2+  0-1

[Event "British Rapid"]
[Site "Halifax ENG"]
[Date "2008.11.30"]
[Round "7"]
[White "Haslinger,S"]
[Black "Eggleston,D"]
[Result "1-0"]
[WhiteElo "2506"]
[BlackElo "2368"]

1.e4 c5 2.Nf3 d6 3.d4 cxd4 4.Nxd4 Nf6 5.Nc3 a6 6.Be3 e5 7.Nb3 Be6 8.Qd2 Be7
9.f3 Nbd7 10.g4 Nb6 11.O-O-O Rc8 12.g5 Nfd7 13.h4 Qc7 14.Kb1 Nc4 15.Bxc4 Bxc4
16.h5 b5 17.g6 b4 18.Nd5 Bxd5 19.Qxd5 Qc4 20.h6 Qxd5 21.hxg7 Qxd1+ 22.Rxd1 Bf6
23.gxh8=Q+ Bxh8 24.gxh7 Ke7 25.Bd2 Rb8 26.Na5 Rb6 27.Bxb4 Nf6 28.c3 Ne8 29.Rg1 Ng7
30.Nc4 Rc6 31.Nxe5 Rc8 32.Bxd6+ Ke6 33.f4 f6 34.f5+ Nxf5 35.exf5+ Kxd6 36.Nf7+ Kd5
37.Rg8 Ra8  1-0

[Event "21st Belgrade Trophy"]
[Site "Obrenovac SRB"]
[Date "2008.11.30"]
[Round "4"]
[White "Todorovic,GM"]
[Black "Ilic,Zo3"]
[Result "1/2-1/2"]
[WhiteElo "2478"]
[BlackElo "2290"]

1.e4 c5 2.Nf3 d6 3.d4 cxd4 4.Nxd4 Nf6 5.Nc3 a6 6.Be3 e5 7.Nb3 Be6 8.f4 exf4
9.Bxf4 Nc6 10.Qe2 Be7 11.h3 Ne5 12.O-O-O Qc7 13.Kb1 O-O 14.g4 b5 15.g5 Nfd7
16.Nd5 Bxd5 17.exd5 Rfe8 18.Qg2 Bf8 19.h4 g6 20.h5 Bg7 21.hxg6 hxg6 22.Bc1 Nc4
23.Qf2 Nc5 24.Bd3 Ne5 25.Nxc5 dxc5 26.Bf4  1/2-1/2

[Event "Snowdrops vs Old-hands"]
[Site "Marianske Lazne CZE"]
[Date "2008.12.01"]
[Round "3"]
[White "Jackova,J"]
[Black "Olafsson,F"]
[Result "1-0"]
[WhiteElo "2360"]
[BlackElo "2440"]

1.e4 c5 2.Nf3 d6 3.d4 cxd4 4.Nxd4 Nf6 5.Nc3 a6 6.Be3 e5 7.Nf3 Be7 8.Bc4 O-O
9.O-O h6 10.Re1 Be6 11.Nd5 Nbd7 12.Qd3 Bxd5 13.Bxd5 Nxd5 14.Qxd5 Qc7 15.c4 Nf6
16.Qd3 b5 17.Rac1 bxc4 18.Qxc4 Qb7 19.Qc7 Rfb8 20.Bd2 Bf8 21.Qxb7 Rxb7 22.Bc3 Nd7
23.Nd2 Nc5 24.Red1 Nd3 25.Rb1 Rc8 26.Nb3 Nc5 27.Nxc5 Rxc5 28.Rd3 f6 29.g4 Kf7
30.Rbd1 Ke6 31.f3 g6 32.Kf2 Rc6 33.Ke2 f5 34.gxf5+ gxf5 35.Rg1 Rf7 36.Rg6+ Rf6
37.Rxf6+ Kxf6 38.Rd5 fxe4 39.fxe4 Ke6 40.Kd3 Be7 41.b4 Bd8 42.Bxe5 Rc1 43.Bf4 Rf1
44.Bxh6 Rf2 45.a4 Rxh2 46.Rxd6+  1-0

[Event "ch-RUS w Superfinal"]
[Site "Moscow RUS"]
[Date "2008.12.05"]
[Round "1"]
[White "Korbut,E"]
[Black "Bodnaruk,A"]
[Result "0-1"]
[WhiteElo "2459"]
[BlackElo "2381"]

1.e4 c5 2.Nf3 d6 3.d4 cxd4 4.Nxd4 Nf6 5.Nc3 a6 6.Be3 e5 7.Nb3 Be7 8.Qd2 O-O
9.O-O-O Ng4 10.Nd5 Nxe3 11.fxe3 Nc6 12.g3 Be6 13.h4 a5 14.Kb1 a4 15.Nc1 Bxd5
16.exd5 Nb8 17.a3 e4 18.Qb4 Bf6 19.Na2 Re8 20.Bb5 Re7 21.g4 Qb6 22.g5 Be5
23.Rhg1 Ra5 24.Bf1 Qc7 25.Rg4 Na6 26.Bxa6 bxa6 27.c3 Rb5 28.Qxa4 Qb7 29.Rg2 a5
30.Rgd2 f5 31.gxf6 Bxf6 32.h5 Qb6 33.Re2 Rb7 34.Rdd2 Re7 35.Qd1 Rc7 36.Qh1 Re7
37.h6 g6 38.Qh3 Qb7 39.Rf2 Be5 40.Rd1 Qc7 41.Rf8+ Kxf8 42.Qf1+ Bf4 43.Qxb5 Bxe3
44.Rf1+ Kg8 45.Qa6 Re8 46.Rf6 Bxh6 47.Rxd6 e3 48.Re6 Rf8 49.Nc1 Qf7 50.Ka2 Qf5
51.Qd3 Bg5 52.c4 Kg7 53.c5 h5 54.c6 h4 55.c7 Qxd3 56.Nxd3 h3 57.Rc6 e2 58.d6 h2
59.d7 h1=Q 60.Rc5 Qe4 61.c8=Q Qxd3 62.Qc7 Rf7 63.Rxg5 e1=Q  0-1

[Event "VII Pereyra Puebla Mem"]
[Site "Mendoza ARG"]
[Date "2008.12.06"]
[Round "2"]
[White "Lopez Silva,H"]
[Black "Zuriel,M"]
[Result "0-1"]
[WhiteElo "2410"]
[BlackElo "2189"]

1.e4 c5 2.Nf3 d6 3.d4 cxd4 4.Nxd4 Nf6 5.Nc3 a6 6.Be3 e6 7.f3 b5 8.g4 Bb7
9.Qd2 Nfd7 10.O-O-O Nb6 11.Bg5 Qc8 12.Ndxb5 axb5 13.Nxb5 d5 14.Qf4 f6 15.Nc7+ Kf7
16.Bxf6 gxf6 17.g5 Qd8 18.exd5 Nxd5 19.Nxe6 Kxe6 20.Bc4 Ra5 21.Rhg1 Na6 22.gxf6 Qxf6
23.Qg4+ Kd6 24.Rge1 Bh6+ 25.Kb1 Bg7 26.c3 Qg6+ 27.Re4 Qxg4 28.Rxg4 Bf6 29.b4 Ra3
30.Bxd5 Bxd5 31.c4 Nxb4 32.cxd5 Rb8 33.Kc1 Rxa2 34.Rc4 Ra1+  0-1

[Event "III Open"]
[Site "Palma de Mallorca ESP"]
[Date "2008.12.06"]
[Round "1"]
[White "Cabrera,Ale"]
[Black "Diez Fraile,M"]
[Result "1-0"]
[WhiteElo "2507"]
[BlackElo "2131"]

1.e4 c5 2.Nf3 d6 3.d4 cxd4 4.Nxd4 Nf6 5.Nc3 a6 6.Be3 e5 7.Nb3 Be6 8.f3 Nbd7
9.g4 Be7 10.Qd2 b5 11.O-O-O O-O 12.Rg1 Qc7 13.g5 b4 14.gxf6 bxc3 15.Rxg7+ Kh8
16.Qxc3 Qxc3 17.bxc3 Nxf6 18.Rg2 a5 19.a4 Rfc8 20.Kb2 Bh3 21.Rgd2 Bxf1 22.Rxf1 Rc4
23.Ra1 Rac8 24.Rd3 d5 25.exd5 Nxd5 26.Rxd5 Rxc3 27.Bc5 Bxc5 28.Kxc3 Bd4+
29.Kd3 Rc3+ 30.Kd2  1-0

[Event "ch-RUS w Superfinal"]
[Site "Moscow RUS"]
[Date "2008.12.07"]
[Round "3"]
[White "Stepovaia,T"]
[Black "Bodnaruk,A"]
[Result "0-1"]
[WhiteElo "2386"]
[BlackElo "2381"]

1.e4 c5 2.Nf3 d6 3.d4 cxd4 4.Nxd4 Nf6 5.Nc3 a6 6.Be3 e5 7.Nf3 Qc7 8.a4 Be7
9.a5 O-O 10.Be2 Nbd7 11.O-O Nc5 12.Nd2 Be6 13.Bg5 Ncd7 14.Ra4 Rad8 15.Bxf6 Nxf6
16.Bc4 d5 17.exd5 Nxd5 18.Qf3 Nxc3 19.Qxc3 Rxd2 20.Qxd2 Bxc4 21.Re1 Be6 22.Qe2 Rd8
23.b3 Qc3 24.Rd1 Rc8 25.Ra2 Bf5 26.h3 Bb4 27.Kh2 Bxa5 28.Rd5 Bc7 29.g3 g6
30.Rd2 Bb6 31.Rd1 Bd4 32.Rd2 Qc6 33.c4 Bb1 34.Ra4 Be4 35.f4 Bc3 36.Rda2 Bb1  0-1

[Event "ch-RUS w Superfinal"]
[Site "Moscow RUS"]
[Date "2008.12.09"]
[Round "5"]
[White "Stepovaia,T"]
[Black "Korbut,E"]
[Result "0-1"]
[WhiteElo "2386"]
[BlackElo "2459"]

1.e4 c5 2.Nf3 d6 3.d4 cxd4 4.Nxd4 Nf6 5.Nc3 a6 6.Be3 e6 7.f3 b5 8.a4 b4 9.Na2 e5
10.Nb3 d5 11.Bg5 Be6 12.Bd3 d4 13.Nac1 h6 14.Bh4 Bd6 15.Qe2 Qc7 16.Bxf6 gxf6
17.O-O h5 18.Nd2 Bf8 19.Bc4 Bh6 20.Bxe6 fxe6 21.Nc4 Nd7 22.a5 Ke7 23.b3 Bxc1
24.Raxc1 Rab8 25.Qd2 Rb5 26.f4 exf4 27.Rxf4 Ne5 28.Rcf1 Nxc4 29.bxc4 Qxc4
30.Rxf6 Qc5 31.Rf7+ Kd6 32.e5+ Kc6 33.Qd3 Rxa5 34.Qf3+ Qd5 35.Qf6 Rg8 36.g3 Ra3
37.Rg7 Rxg7 38.Qxg7 d3 39.Qh8 dxc2 40.Qxh5 Qc5+  0-1

[Event "TCh-SLO"]
[Site "Murska Sobota SLO"]
[Date "2008.12.10"]
[Round "5"]
[White "Sakelsek,T"]
[Black "Grilc,M"]
[Result "1-0"]
[WhiteElo "2403"]
[BlackElo "1998"]

1.e4 c5 2.Nf3 d6 3.d4 cxd4 4.Nxd4 Nf6 5.Nc3 a6 6.Be3 e6 7.g4 Qc7 8.g5 Nfd7
9.Qd2 Nc6 10.O-O-O Nxd4 11.Bxd4 b5 12.h4 Bb7 13.a3 Rc8 14.h5 e5 15.Be3 f5
16.gxf6 Nxf6 17.Bg2 Qf7 18.Nd5 Bxd5 19.exd5 Nxh5 20.Bh3 Rc4 21.Be6 Qf3 22.Rh3  1-0

[Event "III Open"]
[Site "Palma de Mallorca ESP"]
[Date "2008.12.10"]
[Round "5"]
[White "Karim,I"]
[Black "Navarro Lopez Menchero,D"]
[Result "1-0"]
[WhiteElo "2392"]
[BlackElo "2076"]

1.e4 c5 2.Nf3 d6 3.d4 cxd4 4.Nxd4 Nf6 5.Nc3 a6 6.Be3 e5 7.Nb3 Be6 8.f3 Be7
9.Qd2 Nbd7 10.O-O-O O-O 11.g4 b5 12.Rg1 Nb6 13.g5 Nfd7 14.Nd5 Bxd5 15.exd5 Qc7
16.Qb4 Rfc8 17.Rg2 Bd8 18.Qe4 Nc4 19.Bd3 Nf8 20.Kb1 a5 21.Bc1 a4 22.Nd2 Qa5
23.Qe2 Bb6 24.Ne4 Bc7 25.f4 exf4 26.Bxc4 bxc4 27.Bxf4 a3 28.Bxd6 Qa7 29.b3 cxb3
30.cxb3 Bb8 31.Qd3  1-0

[Event "VII Pereyra Puebla Mem"]
[Site "Mendoza ARG"]
[Date "2008.12.11"]
[Round "8"]
[White "Lopez Silva,H"]
[Black "Herrera,Mart"]
[Result "1-0"]
[WhiteElo "2410"]
[BlackElo "2191"]

1.e4 c5 2.Nf3 d6 3.d4 cxd4 4.Nxd4 Nf6 5.Nc3 a6 6.Be3 e6 7.f3 b5 8.Qd2 Nbd7
9.g4 h6 10.O-O-O Bb7 11.h4 b4 12.Nce2 d5 13.Bh3 g5 14.hxg5 hxg5 15.exd5 Nxd5
16.Bxg5 Qxg5 17.Qxg5 Bh6 18.Qxh6 Rxh6 19.g5 Rg6 20.Rhg1 Nc5 21.f4 Ne3 22.Rde1 Rc8
23.f5 Rg8 24.fxe6 Nd3+ 25.Kd2 Nxe1 26.exf7+ Kxf7 27.Bxc8 Rxc8 28.g6+ Kg7
29.Kxe3 Nxc2+ 30.Nxc2 Rxc2 31.Nd4 Rc8 32.Nf5+ Kf6 33.Nd6 Rb8 34.Nxb7 Rxb7
35.g7 Rxg7 36.Rxg7 Kxg7 37.b3 Kf6 38.Kd4 Ke6 39.Kc5 a5 40.Kb5  1-0

[Event "III Open"]
[Site "Palma de Mallorca ESP"]
[Date "2008.12.11"]
[Round "6"]
[White "Haslinger,S"]
[Black "Andres Gonzalez,A"]
[Result "1-0"]
[WhiteElo "2506"]
[BlackElo "2465"]

1.e4 c5 2.Nf3 d6 3.d4 cxd4 4.Nxd4 Nf6 5.Nc3 a6 6.Be3 e5 7.Nb3 Be7 8.f3 O-O
9.Qd2 Be6 10.O-O-O Nbd7 11.g4 b5 12.Rg1 b4 13.Nd5 Bxd5 14.exd5 a5 15.g5 Nh5
16.Kb1 Qc7 17.Nc1 Qb7 18.h4 Bd8 19.Bh3 Bb6 20.Ne2 g6 21.Bg4 f5 22.Bxh5 Bxe3
23.Qxe3 f4 24.Nxf4 Rxf4 25.Bg4 Nb6 26.h5 gxh5 27.Be6+ Kg7 28.Rh1 h4 29.Qf2 Na4
30.Ka1 Qb6 31.Qe1 Qc5 32.Rxh4 Qxc2 33.Rd2 Qxd2 34.Rxh7+ Kxh7 35.Qh1+  1-0

[Event "III Open"]
[Site "Palma de Mallorca ESP"]
[Date "2008.12.11"]
[Round "6"]
[White "Navarro Lopez Menchero,D"]
[Black "Zalba Esteban,P"]
[Result "1/2-1/2"]
[WhiteElo "2076"]
[BlackElo "1989"]

1.e4 c5 2.Nf3 d6 3.d4 cxd4 4.Nxd4 Nf6 5.Nc3 a6 6.Be3 e6 7.f3 Be7 8.Qd2 Qc7
9.g4 Nbd7 10.g5 Nh5 11.O-O-O b5 12.f4 g6 13.Bh3 Nc5 14.a3 Bb7 15.Bg2 Rc8
16.f5 e5 17.fxg6 hxg6 18.Nde2 Qa5 19.Kb1 Ne6 20.h4 Rc4 21.b3 Rc8 22.Kb2 b4
23.axb4 Qxb4 24.Ra1 Nc5 25.Bf3 Ng7 26.Bxc5 Qxc5 27.Bg4 Rc7 28.Ng3 Ne6 29.Bxe6 fxe6
30.h5 Bxg5 31.Qd3 gxh5 32.Rxh5 Rxh5 33.Nxh5 Be3 34.Ne2 a5 35.Nf6+ Ke7 36.Ng4 Ba6
37.c4 Bg5 38.Qh3 Kd7 39.Qh8 Bxc4 40.Qg7+ Be7 41.Rc1 Qb4 42.Rc3 a4 43.Nf6+ Kc8
44.Ne8 a3+ 45.Ka1 Bxe2 46.Rxc7+ Kb8 47.Ka2 Qd2+ 48.Kxa3 Qa5+ 49.Kb2 Qd2+
50.Rc2 Qd4+ 51.Ka2 Qa7+ 52.Kb2 Qd4+  1/2-1/2

[Event "III Open"]
[Site "Palma de Mallorca ESP"]
[Date "2008.12.12"]
[Round "7"]
[White "Ehsan,A"]
[Black "Saravanan,V1"]
[Result "0-1"]
[WhiteElo "2241"]
[BlackElo "2417"]

1.e4 c5 2.Nf3 d6 3.d4 cxd4 4.Nxd4 Nf6 5.Nc3 a6 6.Be3 e5 7.Nb3 Be7 8.f3 O-O
9.Qd2 Be6 10.O-O-O Nbd7 11.g4 Qc7 12.Kb1 b5 13.g5 Nh5 14.f4 exf4 15.Bxf4 Nxf4
16.Qxf4 b4 17.Nd5 Bxd5 18.exd5 Ne5 19.Nd4 a5 20.Bg2 Rfe8 21.h4 a4 22.Rh3 Qc4
23.h5 Bf8 24.Be4 b3 25.g6 bxa2+ 26.Ka1 Ra7 27.Qf5 f6 28.gxh7+ Kh8 29.h6 Qb4
30.hxg7+ Bxg7 31.c3 Qb6 32.Nc6 Nc4 33.Rh2 Rb7 34.Nb4 Ne3 35.Qg6 Rbe7 36.Rg1 f5
37.Nc6 Ng4 38.Nxe7 Qxg1+ 39.Kxa2 Rxe7 40.Qxd6 Re8 41.Qd7 Rf8 42.Rh1 Qf2 43.Bb1 Rb8  0-1

[Event "XVIII Magistral"]
[Site "Elgoibar ESP"]
[Date "2008.12.13"]
[Round "3"]
[White "Korneev,O"]
[Black "Pena Gomez,M"]
[Result "1-0"]
[WhiteElo "2623"]
[BlackElo "2467"]

1.e4 c5 2.Nf3 d6 3.d4 cxd4 4.Nxd4 Nf6 5.Nc3 a6 6.Be3 e5 7.Nb3 Be6 8.f3 Nbd7
9.g4 Nb6 10.g5 Nh5 11.Qd2 Be7 12.O-O-O Rc8 13.Kb1 O-O 14.Rg1 g6 15.h4 Qc7
16.Qf2 Nc4 17.Bxc4 Bxc4 18.Na4 f5 19.gxf6 Nxf6 20.Nb6 Rce8 21.Nxc4 Qxc4 22.Qd2 Qe6
23.Bg5 b6 24.Nc1 Rd8 25.Bxf6 Rxf6 26.h5 Rxf3 27.hxg6 hxg6 28.Qe2 Rf6 29.Qxa6 Rb8
30.Nd3 d5 31.exd5 Qxd5 32.Nb4 Qb7 33.Qc4+ Kg7 34.Nd5 Rc6 35.Qe2 Bd6 36.Rxg6+ Kxg6
37.Rg1+ Kf7 38.Qf3+ Ke6 39.Rg6+ Kd7 40.Qe2  1-0

[Event "TCh-NED 2008-9"]
[Site "Netherlands NED"]
[Date "2008.12.13"]
[Round "4"]
[White "Van Delft,M"]
[Black "Kodentsov,G"]
[Result "1/2-1/2"]
[WhiteElo "2399"]
[BlackElo "2285"]

1.e4 c5 2.Nf3 d6 3.d4 cxd4 4.Nxd4 Nf6 5.Nc3 a6 6.Be3 e5 7.Nf3 Be7 8.Bc4 O-O
9.Bg5 b5 10.Bxf6 Bxf6 11.Bd5 Ra7 12.O-O b4 13.Nb1 Kh8 14.a3 bxa3 15.Rxa3 g5
16.Nfd2 Bg7 17.Nc4 f5 18.Rb3 Qc7 19.Nb6 Nd7 20.Nxc8 Qxc8 21.exf5 Nc5 22.Rb6 Qxf5
23.Rxd6 Re7 24.b4 Nd7 25.Nc3 Nf6 26.f3 Qc8 27.Ne4 Qb8 28.Rxa6 Nxe4 29.fxe4 Qxb4
30.Rxf8+ Bxf8 31.Ra8 Qc5+ 32.Kh1 Ra7 33.Rxa7 Qxa7 34.h4 Qf2 35.Qg4 Qxh4+
36.Qxh4 gxh4 37.Kg1 Kg7 38.Kf1 Kf6 39.Ke2 Bc5 40.Kd3 Ke7 41.Kc4 Kd6  1/2-1/2

[Event "III Open"]
[Site "Palma de Mallorca ESP"]
[Date "2008.12.13"]
[Round "8"]
[White "Serra Olives,T"]
[Black "Zalba Esteban,P"]
[Result "1-0"]
[WhiteElo "2156"]
[BlackElo "1989"]

1.e4 c5 2.Nf3 d6 3.d4 cxd4 4.Nxd4 Nf6 5.Nc3 a6 6.Be3 e6 7.Qd2 Be7 8.f3 Nbd7
9.g4 Qc7 10.g5 Nh5 11.f4 b5 12.a3 g6 13.Qf2 Nc5 14.O-O-O Bb7 15.Bg2 Rc8 16.Kb1 Na4
17.Nxa4 bxa4 18.Rd2 Qc4 19.Rd3 Qc7 20.Rc3 Qd7 21.Rxc8+ Qxc8 22.Ne2 f6 23.Nc3 fxg5
24.fxg5 Rf8 25.Qd2 Qc4 26.Rd1 Bc6 27.Qe1 Bb5 28.Rd4 Qc6 29.Bh3 Nf4 30.Bxf4 Rxf4
31.Nxb5 axb5 32.Bxe6 Bxg5 33.Bd5 Qc5 34.Qd1 Rf2 35.Rd3 Bf6 36.Rf3 Rxf3 37.Qxf3 Qd4
38.c3 Qg1+ 39.Ka2 Qg5 40.Qh3 h5 41.Qc8+ Bd8 42.Qb7 Qe7 43.Qxb5+ Kf8 44.Qxa4 g5
45.Qd1 g4 46.h3 gxh3 47.Qxh5  1-0

[Event "XXI Carlos Torre"]
[Site "Merida MEX"]
[Date "2008.12.14"]
[Round "3"]
[White "Quezada Perez,Y"]
[Black "Aguirre Manzo,L"]
[Result "1-0"]
[WhiteElo "2580"]
[BlackElo "2140"]

1.e4 c5 2.Nf3 d6 3.d4 cxd4 4.Nxd4 Nf6 5.Nc3 a6 6.Be3 e5 7.Nb3 Be6 8.Qd2 Nbd7
9.O-O-O b5 10.f4 Rc8 11.f5 Bxb3 12.axb3 Nc5 13.Bxc5 Rxc5 14.Kb1 Be7 15.g4 h6
16.Be2 Qa5 17.Bf3 b4 18.Na4 Rc8 19.h4 Nd7 20.g5 Nc5 21.f6 gxf6 22.gxf6 Nxa4
23.fxe7 Nc5 24.Qxd6 Qc7 25.Qxc7 Ra8  1-0

[Event "XXI Carlos Torre"]
[Site "Merida MEX"]
[Date "2008.12.14"]
[Round "3"]
[White "Cabrera Trujillo,J"]
[Black "Duarte Barahona,R"]
[Result "1-0"]
[WhiteElo "2438"]
[BlackElo "2207"]

1.e4 c5 2.Nf3 d6 3.d4 cxd4 4.Nxd4 Nf6 5.Nc3 a6 6.Be3 e5 7.Nde2 Be6 8.f4 Be7
9.f5 Bd7 10.Ng3 Bc6 11.Bc4 h5 12.Bg5 Nbd7 13.Bxf6 Nxf6 14.Qe2 b5 15.Bb3 Qa5
16.O-O-O Rc8 17.Kb1 h4 18.Nf1 Qb4 19.a3 Qc5 20.Nd5 Bxd5 21.Bxd5 Nxd5 22.Rxd5 Qc4
23.Qxc4 Rxc4 24.Nd2 Rc6 25.Rd1 O-O 26.Nb3 Rfc8 27.c3 Rc4 28.Re1 Kh7 29.Na5 R4c7
30.Kc2 Ra7 31.b4 Bd8 32.Rxd6 Bxa5 33.bxa5 Rc4 34.Kb3 f6 35.Re3 Kh6 36.Rd8 Kg5
37.Rh8 Kf4 38.Rf3+ Kxe4 39.Rxh4+ Kd5 40.Rd3+ Kc5 41.Rh8 Rc7 42.Rhd8 Kc6 43.Rb8 e4
44.Rb6+ Kc5 45.Rdd6 e3 46.Re6 Rf4 47.Rxe3 Rxf5 48.Rxa6 Rf2 49.Rd3 Rxg2 50.h4 Re2
51.Rad6 Re5 52.R3d4 f5 53.Rd7 Rxd7 54.Rxd7 g6 55.Rc7+ Kd6 56.Rb7 Kc5 57.Rf7 Re4
58.h5 gxh5 59.Rxf5+ Kc6 60.Rxh5 Ra4 61.Rh6+ Kc5 62.Ra6 Rg4 63.Ra8 Ra4 64.a6 Kb6  1-0

[Event "III Open"]
[Site "Palma de Mallorca ESP"]
[Date "2008.12.14"]
[Round "9"]
[White "Karim,I"]
[Black "Henrichs,T"]
[Result "1/2-1/2"]
[WhiteElo "2392"]
[BlackElo "2485"]

1.e4 c5 2.Nf3 d6 3.d4 cxd4 4.Nxd4 Nf6 5.Nc3 a6 6.Be3 e6 7.f3 b5 8.Qd2 Nbd7
9.g4 Bb7 10.g5 Nh5 11.a3 Rc8 12.O-O-O g6 13.Nce2 d5 14.exd5 Bxd5 15.Ng3 Nxg3
16.hxg3 Bg7 17.Qb4 Qc7 18.Rh2 Ne5 19.Bxb5+ axb5 20.Nxb5 Qe7 21.Nd6+ Qxd6
22.Qxd6 Nc4 23.Rxd5 Bxb2+ 24.Kb1 Nxd6  1/2-1/2

[Event "15th Croatian Open A"]
[Site "Zadar CRO"]
[Date "2008.12.15"]
[Round "2"]
[White "Zufic,M"]
[Black "Cvitan,O"]
[Result "0-1"]
[WhiteElo "2429"]
[BlackElo "2541"]

1.e4 c5 2.Nf3 d6 3.d4 cxd4 4.Nxd4 Nf6 5.Nc3 a6 6.Be3 e5 7.Nde2 Be7 8.Qd2 Be6
9.f4 Nbd7 10.f5 Bc4 11.Ng3 Rc8 12.Bxc4 Rxc4 13.Qd3 Qc7 14.Bg5 b5 15.Bxf6 Nxf6
16.a3 O-O 17.O-O Rc8 18.Rf3 a5 19.Rc1 b4 20.axb4 axb4 21.Nd5 Nxd5 22.Qxd5 Bg5
23.Rd1 Rxc2 24.Qb3 Rc1 25.Rd3 Qc5+ 26.Kh1 Qf2 27.Qxb4 Be3  0-1